• 首页
  • 本馆介绍
  • 公告通知
  • 最新文献
  • 馆藏检索
  • 电子资源
  • 读者导购
  • 参考咨询
  • 我的图书馆
  • 登录
  • 详细信息显示
  • 放入我的书架
  • 预约/预借图书
  • 作者相关作品
  • 分类相关作品
  • 丛书相关作品
  • 出版社相关作品

书目信息

  • 表格格式
  • 工作单格式
  • 卡片格式
题名:
图解实用外科临床护理
    
 
作者: 李敏 主编
分册:  
出版信息: 北京   化学工业出版社  2017.03
页数: 317页
开本: 26cm
丛书名:
单 册:
中图分类: R473.6
科图分类:
主题词: 外科--疾病--护理--图解
电子资源:
ISBN: 978-7-122-28259-0
000 00861nam0 2200265 450
001 ZJTS
005 20170615153954.71
010    @a978-7-122-28259-0@b@dCNY49.80
100    @a20170215d2017 em y0chiy0110 ea
101 0  @achi
102    @aCN@b110000
105    @aa z 000yy
106    @ar
200 1  @a图解实用外科临床护理@Atu jie shi yong wai ke lin chuang hu li@f李敏主编@g
210    @a北京@c化学工业出版社@d2017.03
215    @a317页@c@d26cm
300    @a图解实用临床护理系列
330    @a本书注重临床实际应用,以图解的方式重点讲述外科常见疾病的护理知识,使读者能够对疾病有一个系统和全面的了解和认识。
333    @a本书适用于外科护理人员及相关护理管理人员
606 0  @a外科@x疾病@x护理@j图解
690    @aR473.6@v5
701  0 @a李敏@Ali min@4主编
801  0 @aCN@bZHONGJIAO@c20170609@g
905    @aBZT@dR473.6@e16
906    @dCNY49.80@n3@r1
    
    图解实用外科临床护理/李敏主编.-北京:化学工业出版社,2017.03
    317页;26cm
    图解实用临床护理系列.-使用对象:本书适用于外科护理人员及相关护理管理人员
    
    ISBN 978-7-122-28259-0:CNY49.80
    本书注重临床实际应用,以图解的方式重点讲述外科常见疾病的护理知识,使读者能够对疾病有一个系统和全面的了解和认识。
●
相关链接 在五车中查询图书 在当当中查询图书 在豆瓣中查询图书


正题名:图解实用外科临床护理     索取号:R473.6/16         预约/预借

序号 登录号 条形码 馆藏地/架位号 状态 备注
1 830668   2000830668   第二书库/ [索取号:R473.6/16] 在馆    
2 830669   2000830669   第二书库/ [索取号:R473.6/16] 在馆    
3 830670   2000830670   第二书库/ [索取号:R473.6/16] 在馆    
山东省滨州职业学院图书馆 欢迎您!
大连网信软件有限公司© 版权所有